Estatísticas para Quem fez cada gol do Corinthians na Libertadores de 2012?

Clique aqui para jogar o quiz

Estatísticas Gerais

  • Esse quiz foi jogado 338 vezes
  • A pontuação média é 12 de 22

Estatísticas das Respostas

GolAutor% Correto
x Boca Juniors (2-0)Emerson Sheik
87%
x Boca Juniors (1-1)Romarinho
87%
x Boca Juniors (1x0)Emerson Sheik
84%
x Deportivo Táchira (1-1)Ralf
81%
x Vasco da Gama (1-0)Paulinho
80%
x Santos (0-1)Emerson Sheik
78%
x Santos (1-1)Danilo
73%
x Nacional (PAR) (1-0)Danilo
59%
x Cruz Azul (1-0)Danilo
56%
x Deportivo Táchira (1-0)Danilo
53%
x Nacional (PAR) (0-2)Emerson Sheik
51%
x Nacional (PAR) (2-0)Jorge Henrique
50%
x Deportivo Táchira (4-0)Emerson Sheik
49%
x Nacional (PAR) (0-1)Jorge Henrique
46%
x Deportivo Táchira (2-0)Paulinho
46%
x Emelec (3-0)Alex
44%
x Deportivo Táchira (3-0)Jorge Henrique
44%
x Deportivo Táchira (5-0)Liédson
44%
x Emelec (2-0)Paulinho
44%
x Emelec (1-0)Fábio Santos
39%
x Deportivo Táchira (6-0)Douglas
30%
x Nacional (PAR) (1-3)Elton
23%

Distribuição das Pontuações

Percentil de Números Respondidos

Porcentagem de Pessoas com Cada Pontuação

Sua Pontuação Histórica

Você não jogou esse quiz